| 000 | 01043nam a22001337a 4500 | ||
|---|---|---|---|
| 040 | _cRUA | ||
| 082 | _aVEM KHU 2015 B485 Or.1 | ||
| 100 | _aKHUN SENGHONG; ឃុន សេងហុង | ||
| 245 | _aStudy on newcastle disease of local chicken village kosh kro bey, phno penh by ha-hi test in laboratory of royal university of agricultre; ការសិក្សាជំងឺញ៉ូកាសរបស់ពូជមាន់ក្នុងស្រុកនៅភូមិកោះក្របី សង្កាត់ព្រែកថ្មី ខណ្ណច្បារអំពៅ រាជធានីភ្នំពេញ និងអង់ទីគ័ររបស់វាតាមរយៈ HA and Hi Test នៅក្នុងមន្ទីរពិសោធន៏សាកលវិទ្យាល័យភូមិន្ទកសិកម្ម | ||
| 260 |
_aPhnom Penh _bRUA _c2015 |
||
| 300 |
_aix;37p. _bill. _c29cm. |
||
| 856 | _uhttps://drive.google.com/file/d/1W2UUja0_CFIomfxc0Bi4cDoasOgs0tbA/view?usp=sharing | ||
| 942 | _cVEM | ||
| 999 |
_c8152 _d8152 |
||